00931nam a2200205 a 450000100100000000500170001000800410002704000250006808200150009310000390010824501770014726001200032430000210044449000230046570000380048870000390052683000300056595201130059599900170070800003171720200930063128.0110630s1983 dr 000 0 spa d aDO-SdBNPbspacBNPHU axxxxbA8151 aAscuasiati de Alfau, Carmen92587010aNuevos parasitismos, addenda al catálogo de parasitos de República Dominicana ll /cCarmen Ascuasiati de Alfau, Carmen Paredes de Mejía, Aracelis Germán de Pérez. aSanto domingo :bUniversidad Autónoma de Santo Domingo, Departamento de Microbiología y Parasitología,c1983. a14 p.. ;c21 cm.1 aParasitologíav51 aParedes de Mejía, Carmen9258741 aGerman de Pérez, Aracelis957118 0aParasitologíav5957981 0010718PDaPDbPDcCTd2011-06-30iLF1l0oxxxx A815p31717-10r2020-06-25w2020-06-25yLFPDZNo se presta c31209d31209